[Event "USCL Week 1"]
[Site "?"]
[Date "2012.09.05"]
[Round "?"]
[White "Altounian, Levon"]
[Black "Amanov, Zhanibek"]
[Result "1/2-1/2"]
[WhiteElo "2493"]
[BlackElo "2463"]
[PlyCount "98"]
[EventDate "2012.??.??"]

1. e4 e5 2. Nf3 Nc6 3. Nc3 Nf6 4. d4 exd4 5. Nxd4 Bb4 6. Nxc6 bxc6 7. Bd3 d5 8.
exd5 cxd5 9. O-O O-O 10. Bg5 c6 11. Qf3 h6 12. Bxf6 Qxf6 13. Qxf6 gxf6 14. Ne2
Bd6 15. Nd4 c5 16. Nf5 Bxf5 17. Bxf5 Be5 18. Rab1 Rab8 19. b3 Rfe8 20. Rbd1
Rbd8 21. Rfe1 Bc3 22. Re3 d4 23. Rxe8+ Rxe8 24. Kf1 Kf8 25. g3 Re5 26. Bd3 Ke8
27. Bc4 Re7 28. a4 Re5 29. Kg2 Ke7 30. Rd3 Re1 31. Rf3 Rc1 32. Bd3 c4 33. bxc4
Ra1 34. Rf5 Rxa4 35. Rb5 Rb4 36. Ra5 Rb7 37. Ra6 Rc7 38. Be4 Bb4 39. Bd5 Bc5
40. Kf3 Bb6 41. Kg4 Kf8 42. f4 Kg7 43. Kf5 Rc8 44. h4 Rc7 45. h5 Rc8 46. Ra1
Re8 47. Be4 Rc8 48. Bd5 Re8 49. Be4 Rc8 1/2-1/2

[Event "USCL Week 1"]
[Site "?"]
[Date "2012.09.05"]
[Round "?"]
[White "Mikhailuk, Slava"]
[Black "Wang, Puchen"]
[Result "0-1"]
[WhiteElo "2415"]
[BlackElo "2509"]
[PlyCount "135"]
[EventDate "2012.??.??"]

1. c4 Nf6 2. Nc3 d5 3. cxd5 Nxd5 4. g3 g6 5. Bg2 Nb6 6. d3 Bg7 7. Be3 Nc6 8.
Qd2 Nd4 9. Nf3 Nxf3+ 10. Bxf3 c6 11. Rc1 h5 12. h4 Bf5 13. O-O O-O 14. Ne4 Nd5
15. Bh6 Bxe4 16. Bxe4 Nf6 17. Bxg7 Kxg7 18. Bf3 Qd6 19. Rc4 Rfd8 20. b4 Nd7 21.
Bg2 Ne5 22. Qc3 Qf6 23. Rc5 Nd7 24. Qxf6+ Kxf6 25. Rc2 Nb6 26. Rb1 a6 27. Rb3
Rd6 28. Rc5 e5 29. a3 Rad8 30. f4 Nd7 31. fxe5+ Nxe5 32. Rb1 Nd7 33. Rf1+ Ke7
34. Rc4 f6 35. Rcf4 Ne5 36. Bh3 f5 37. Rc1 Kf6 38. Rb1 Nd7 39. Kf2 Nb6 40. Bg2
Ke5 41. Rc1 Kf6 42. Ra1 Rd4 43. Rc1 R4d6 44. Bf1 Nd5 45. Rfc4 Re8 46. Rc5 Ne3
47. Bh3 Rd4 48. Kf3 Rd6 49. Kf2 Rde6 50. Rb1 Rd6 51. a4 Nd5 52. b5 cxb5 53.
axb5 b6 54. Rxd5 Rxd5 55. bxa6 Re6 56. Bg2 Ra5 57. Bb7 Ke7 58. Kf3 Ra3 59. Rc1
b5 60. Rc7+ Kd6 61. Rc2 b4 62. Kf4 b3 63. Rb2 Kc5 64. e3 Rb6 65. d4+ Kb4 66. d5
Kc3 67. Rxb3+ Kxb3 68. Ke5 0-1

[Event "USCL Week 1"]
[Site "?"]
[Date "2012.09.05"]
[Round "?"]
[White "Safin, Artur"]
[Black "Collyer, Curt"]
[Result "1-0"]
[WhiteElo "2333"]
[BlackElo "2294"]
[PlyCount "137"]
[EventDate "2012.??.??"]

1. e4 b6 2. c4 Bb7 3. Nc3 e6 4. Nf3 Bb4 5. Qc2 Ne7 6. d4 O-O 7. Bd3 f5 8. O-O
Bxc3 9. bxc3 Qe8 10. Bg5 h6 11. Bxe7 Qxe7 12. Rfe1 f4 13. Ne5 Qf6 14. c5 d6 15.
cxd6 cxd6 16. Nc4 e5 17. Qb3 Kh8 18. Na5 Bc6 19. Nxc6 Nxc6 20. Qa4 Rac8 21. Ba6
Rc7 22. Rad1 f3 23. g3 Qg6 24. Re3 Qh5 25. Bf1 Ne7 26. Qa3 Rf6 27. dxe5 dxe5
28. Rd8+ Kh7 29. Qb3 Rfc6 30. Rf8 Rf6 31. Rxf6 gxf6 32. Qe6 Ng8 33. Bh3 Kg7 34.
Bg4 Qf7 35. Rxf3 Qxe6 36. Bxe6 Ne7 37. Rd3 Nc6 38. Rd6 Na5 39. Rd8 Nb7 40. Ra8
Nd6 41. Bd5 Nb5 42. c4 Nc3 43. a3 Nb1 44. a4 Nc3 45. Rg8+ Kh7 46. Rf8 Kg7 47.
Rg8+ Kh7 48. Rf8 Nxa4 49. Rxf6 Nc5 50. Rf8 Kg7 51. Ra8 Kf6 52. Kg2 Nd3 53. Rf8+
Ke7 54. Ra8 Kd6 55. Kf3 Kc5 56. Ke3 Nb2 57. f4 a5 58. fxe5 Nxc4+ 59. Kf4 Kb4
60. e6 b5 61. Kf5 Nb6 62. Ra6 Nc8 63. Kf6 a4 64. g4 Kc5 65. h4 Nd6 66. e7 Ne8+
67. Kf7 Rc8 68. g5 hxg5 69. hxg5 1-0